Patrick Autréaux, Les Irréguliers, Paris, Gallimard, 2015, 131 pages (notice n° 1605438)
[ vue normale ]
| 000 -LEADER | |
|---|---|
| fixed length control field | 00474cam a2200145 4500500 |
| 005 - DATE AND TIME OF LATEST TRANSACTION | |
| control field | 20251228095034.0 |
| 041 ## - LANGUAGE CODE | |
| Language code of text/sound track or separate title | fre |
| 042 ## - AUTHENTICATION CODE | |
| Authentication code | dc |
| 100 10 - MAIN ENTRY--PERSONAL NAME | |
| Personal name | Le Moing, Monique |
| Relator term | author |
| 245 00 - TITLE STATEMENT | |
| Title | Patrick Autréaux, Les Irréguliers, Paris, Gallimard, 2015, 131 pages |
| 260 ## - PUBLICATION, DISTRIBUTION, ETC. | |
| Date of publication, distribution, etc. | 2015.<br/> |
| 500 ## - GENERAL NOTE | |
| General note | 5 |
| 786 0# - DATA SOURCE ENTRY | |
| Note | Sigila | 36 | 2 | 2015-10-01 | p. 202f-202f | 1286-1715 |
| 856 41 - ELECTRONIC LOCATION AND ACCESS | |
| Uniform Resource Identifier | <a href="https://shs.cairn.info/revue-sigila-2015-2-page-202f?lang=fr&redirect-ssocas=7080">https://shs.cairn.info/revue-sigila-2015-2-page-202f?lang=fr&redirect-ssocas=7080</a> |
Pas d'exemplaire disponible.




Réseaux sociaux